000 01002nam a22002297a 4500
005 20180611151907.0
010 _a1718EN-30 B-687969-978
020 _a9788124602164
_c650.00
035 _aB-687969-978
037 _bA.K.Pub. & Dis.
_adpl
082 _a338.47910954
100 _aGupta, S.P.
245 _aCultural tourism in India :
_cby S.P. Gupta, Krishna Lal [and] Mahua Bhattacharyya
_bmuseums, monuments & art - (theory and practice ) /
260 _c2016
_aNew Delhi
_bA.K.Pub. & Dis.
270 _aVedasri, F-395, Sudarshan Park, Ramesh Nagar,
_bNew Delhi
_e110015
300 _c23cm(pbk)
_axxviii,451p.
500 _aIncludes bibliographical references and index
700 _aLal, Krishna
700 _aBhattacharyya, Mahua
942 _cEN
_2ddc
_mGUP
_h338.47910954
999 _c144514
_d144514